Leaders of the Cold War: East Asia (1945-1991) - Statistics

General Stats
  • This quiz has been taken 24 times
  • The average score is 10 of 34
Answer Stats
Hint Answer % Correct
1949-1976 Mao Zedong
100%
1948-1994 Kim Il-sung
91%
1945-1949 Chiang Kai-Shek
86%
1945-1975 Chiang Kai-shek
86%
1978-1989 Deng Xiaoping
73%
1976-1978 Hua Guofeng
73%
1961-1979 Park Chung-hee
59%
1948-1960 Syngman Rhee
59%
1989-2002 Jiang {Zemin}
55%
1988-2000 Lee Teng-hui
55%
1979-1988 Chun Doo-hwan
36%
1975-1988 Chiang {Ching-kuo}
32%
1957-1960 Kishi Nobusuke
23%
1988-1993 Roh Tae-woo
23%
1945-1952 Khorloogiin Choibalsan
18%
1952-1954 Yoshida Shigeru
18%
1982-1987 Nakasone Yasuhiro
14%
1980-1982 Suzuki Zenko
14%
1952-1984 Yumjaagiin Tsedenbal
14%
1960-1964 Ikeda Hayato
9%
1972-1974 Tanaka Kakuei
9%
1960-1961 Chang Myon
5%
1976-1978 Fukuda Takeo
5%
1954-1956 Hatoyama Ichiro
5%
1956-1957 Ishibashi Tanzan
5%
1984-1990 Jambyn Batmonkh
5%
1989-1991 Kaifu Toshiki
5%
1974-1976 Miki Takeo
5%
1991-1993 Miyazawa Kiichi
5%
1978-1980 Ohira Masayoshi
5%
1990-1997 Punsalmaagiin Ochirbat
5%
1964-1972 Sato Eisaku
5%
1987-1989 Takeshita Noboru
5%
1989 Uno Sosuke
5%
No matching quizzes found
Score Distribution
Percent of People with Each Score
Percentile by Number Answered
Your Score History
You have not taken this quiz